000 00631nam a2200241 i 4500
001 C2-0127110
003 PPAK
005 20180727115936.0
008 970916s1988 enk |||| ||||| | eng d
020 _a1853400416
040 _aPPAK
_beng
_cPPAK
_erda
082 0 4 _a823
_223
090 0 0 _a823
_bDIC
_dK
100 1 _aDicks, Terrance,
_eauthor
245 1 0 _aGoliath at sports day
264 1 _aLondon :
_bPicadilly Press ,
_c1988
300 _a51 pages ;
_c20 cm
336 _2rdacontent
_atext
337 _2rdamedia
_aunmediated
338 _2rdacarrier
_avolume
650 1 0 _aChildren's stories, English
942 _ddc
_cB
999 _c37845
_d37845